Biochemistry: The chemistry of life (Record no. 394076)

MARC details
000 -LEADER
fixed length control field 00545 a2200217 4500
005 - DATE & TIME
control field 20260121102419.0
008 - FIXED-LENGTH DATA ELEMENTS--GENERAL INFORMATION
fixed length control field 260120b |||||||| |||| 00| 0 eng d
020 ## - ISBN
International Standard Book Number 9789367290361
Price Rs. 1295.00
040 ## - CATALOGING SOURCE
Original cataloging agency VIVEKANANDA LIBRARY
082 ## - DDC NUMBER
Classification number 572
Book Number N292B
100 ## - MAIN ENTRY--PERSONAL NAME
Personal name Neelam Kumari
245 ## - TITLE STATEMENT
Title Biochemistry: The chemistry of life
260 ## - PUBLICATION, DISTRIBUTION, ETC. (IMPRINT)
Name of publisher, distributor, etc IBS
Date of publication, distribution, etc 2025
Place of publication, distribution, etc Daryganj
300 ## - PHYSICAL DESCRIPTION
Pages x, 372
650 ## - Subject
Subject Biochemistry
650 ## - Subject
Subject Protein
700 ## - Added Entry Personal Name
Added Entry Personal Name Bhatia, Ravi Kant
700 ## - Added Entry Personal Name
Added Entry Personal Name Narender Kumar
700 ## - Added Entry Personal Name
Added Entry Personal Name Chauhan, Atul
942 ## - ADDED ENTRY ELEMENTS (KOHA)
Koha item type Books
Holdings
Withdrawn status Lost status Source of classification or shelving scheme Damaged status Not for loan Location (home branch) Sublocation or collection (holding branch) Shelving location Date acquired Koha issues (times borrowed) Koha full call number Accession No. Koha date last seen Koha item type
    Dewey Decimal Classification     VIVEKANANDA LIBRARY VIVEKANANDA LIBRARY Vivekananda Library 05/01/2026 1 572 N292B 444195 16/04/2026 Books
© Designed and Maintained by Vivekananda Library, MDU Rohtak